Библиотеката на моя чичо (Запис номер 188360)
[ съкратено ]
| 000 -Лидер | |
|---|---|
| Контролно поле с фиксирана дължина | 01310nam a2200313 c 4500 |
| 003 - Код на организацията, давaща контролен номер | |
| Контролно поле | BLK |
| 005 - Дата и час на последна редакция | |
| Контролно поле | 20180422115605.0 |
| 008 - Елементи от данни с фиксирана дължина | |
| fixed length control field | 180411b bul|||||r ||||||| ||bul|| |
| 010 ## - Наследен системен номер | |
| LC control number | KNG00197378000 |
| 040 ## - Източник на каталожния запис | |
| Идентификатор на билиотеката - собственик на записа | BLK |
| 041 ## - Код за език | |
| Код за езика на текст/звукозапис или на отделно заглавие | Български |
| Код за езика КДБФ | Български |
| 080 ## - УДК | |
| Текстов определител УДК | ?Швейцарска литература |
| УДК код - определител по УДК | 830(494) |
| УДК определител | -32 |
| УДК - код + определител | 830(494)-32 |
| 100 1# - Редна дума - Автор | |
| Автор | Тьопфер, Родолф |
| Авторска отговорност | първи автор |
| R(LIN) | 131969 |
| 139 ## - Редно поле | |
| Редна дума | Тьопфер, Родолф |
| Авторски знак | Тьо - Т 97 |
| 245 10 - Сведения за заглавието | |
| Заглавие | Библиотеката на моя чичо |
| Подзаглавни данни | Новели |
| Редно поле (дума) | Родолф Тьопфер; прев. от фр. Магдалена Казанджиева; с предг. от Дина Манчева. |
| 257 ## - Страна на издаване | |
| Страна на създаване/издаване | Швейцария |
| 260 ## - Област на издателските данни | |
| -- | София |
| Име на издателя, разпространителя и проч. | Профиздат |
| Година на издаване | 1987 |
| Печатница | Враца : В. Александров |
| 300 ## - Физическа характеристика | |
| Страници | 148 с. |
| Размери/Мащаб | 17 см |
| 380 ## - Жанр | |
| Жанр | Худож. лит. |
| 490 1# - СЕРИИ (Колекции) | |
| Име на серия | Библиотека Факел |
| 500 ## - Общи забележки | |
| Забележка | Ориг. загл. Nouvelles genevioses / Rodolphe Toepffer. - 3 300 тир. |
| 700 1# - Други автори (авторска отговорност) | |
| Лично име | Казанджиева, Магдалена |
| Автороска отговорност (Описва отношението между автора и произведението) | прев. от фр. |
| 9 (RLIN) | 252620 |
| 700 1# - Други автори (авторска отговорност) | |
| Лично име | Манчева, Дина |
| Автороска отговорност (Описва отношението между автора и произведението) | с предг. от |
| 9 (RLIN) | 384584 |
| 852 ## - Местоположение | |
| Форматна сигнатура | Цб 146603 |
| 856 4# - Електронен адрес и достъп | |
| Електронен формат | pdf - файл |
| Път до файла /url/ | |
| 856 4# - Електронен адрес и достъп | |
| Електронен формат | pdf - файл |
| Път до файла /url/ | |
| 942 ## - АРТИКУЛИ | |
| Вид на библиотечния материал | Книги |
| Скрит в OPAC | Не |
| 944 ## - СЪЗДАВАНЕ И РЕДАКЦИЯ на ЗАПИСА | |
| Създаване/Редакция | Създаване |
| Дата на регистрацията/редакция | 05.12.2016 |
| Служител, извършил регистрацията/редакцията | Севдалина_Василева |
| 944 ## - СЪЗДАВАНЕ И РЕДАКЦИЯ на ЗАПИСА | |
| Създаване/Редакция | Редакция |
| Дата на регистрацията/редакция | 05.12.2016 |
| Служител, извършил регистрацията/редакцията | Севдалина_Василева |
| 999 ## - СИСТЕМНИ КОНТРОЛНИ НОМЕРА | |
| Koha biblionumber | 188360 |
| Koha biblioitemnumber | 188360 |
| Код за отписване | Код за изгубен артикул | Източник на класификационната схема | Код за повреда | Коз за рестрикции | Код за отдаване | Артикулен № | Име на библиотеката - собственик | Име на библиотеката, в която се намира в момента | Статус (Текущо местоположение) | Дата на вписване в системата | Местоположение - отдел | Цена в лева | Инвентарен номер | Систематично азбучна сигнатура | Баркод | Номер на екземпляра | Цена в евро | Служебна бележка | Служебен тип на артикула |
|---|---|---|---|---|---|---|---|---|---|---|---|---|---|---|---|---|---|---|---|
| Не е изгубен | Universal Decimal Classification | Не е повреден | без рестрикции | ползва се в читалня | 330252 | Регионална библиотека "Любен Каравелов" Русе | Регионална библиотека "Любен Каравелов" Русе | Хранилище | 1987-01-01 | Хранилище | 1.00 | 473274 | Цб 146603 | 120000473274 | 1 | 0.51 | Дост: Dp Вид: Д N: стар фонд Дата: 01.01.1987 | Книги | |
| Изтеглен | Не е изгубен | Universal Decimal Classification | Не е повреден | без рестрикции | заемане за дома | 330253 | Регионална библиотека "Любен Каравелов" Русе | Регионална библиотека "Любен Каравелов" Русе | Заемна - подръчен фонд | 1987-01-01 | Заемна - подръчен фонд | 1.00 | 484309 | П 830-32/Т 97 | 484309 | 2 | 0.51 | Дост: Pk Вид: Ф N: стар фонд Дата: 01.01.1987 Дата инв: 13.02.2018 Бележки инв: П2018 | Книги |
| Изтеглен | Не е изгубен | Universal Decimal Classification | Не е повреден | без рестрикции | заемане за дома | 330254 | Регионална библиотека "Любен Каравелов" Русе | Регионална библиотека "Любен Каравелов" Русе | Заемна - подръчен фонд | 1987-01-01 | Заемна - подръчен фонд | 1.00 | 484312 | П 830-32/Т 97 | 484312 | 3 | 0.51 | Дост: Pk Вид: Ф N: стар фонд Дата: 01.01.1987 | Книги |